Manisnya senyumanmu (Record no. 124943)

MARC details
000 -LEADER
fixed length control field 00801nam a2200277 i 4500
001 - CONTROL NUMBER
control field C2-0325200
003 - CONTROL NUMBER IDENTIFIER
control field PPAK
005 - DATE AND TIME OF LATEST TRANSACTION
control field 20180728123258.0
008 - FIXED-LENGTH DATA ELEMENTS--GENERAL INFORMATION
fixed length control field 140121s2013 my a|||| ||||| | may d
020 ## - INTERNATIONAL STANDARD BOOK NUMBER
International Standard Book Number 9789674032265
040 ## - CATALOGING SOURCE
Original cataloging agency PPAK
Language of cataloging eng
Transcribing agency PPAK
Description conventions rda
082 04 - DEWEY DECIMAL CLASSIFICATION NUMBER
Classification number 899.233
Edition number 23
090 00 - LOCALLY ASSIGNED LC-TYPE CALL NUMBER (OCLC); LOCAL CALL NUMBER (RLIN)
Classification number (OCLC) (R) ; Classification number, CALL (RLIN) (NR) 899.233
Feature heading NUR
Feature heading K
100 0# - MAIN ENTRY--PERSONAL NAME
Personal name Nur Shamsiah On,
Relator term author
245 10 - TITLE STATEMENT
Title Manisnya senyumanmu
264 #1 - PRODUCTION, PUBLICATION, DISTRIBUTION, MANUFACTURE, AND COPYRIGHT NOTICE
Place of production, publication, distribution, manufacture Kuala Lumpur :
Name of producer, publisher, distributor, manufacturer Ana Muslim ,
Date of production, publication, distribution, manufacture, or copyright notice 2013
300 ## - PHYSICAL DESCRIPTION
Extent 92 pages :
Other physical details colour illustrations ;
Dimensions 18 cm
336 ## - CONTENT TYPE
Source rdacontent
Content type term text
337 ## - MEDIA TYPE
Source rdamedia
Media type term unmediated
338 ## - CARRIER TYPE
Source rdacarrier
Carrier type term volume
490 1# - SERIES STATEMENT
Series statement Novel teladan Ana Muslim
650 10 - SUBJECT ADDED ENTRY--TOPICAL TERM
Topical term or geographic name entry element Children's stories, Malay. ; Malay fiction.
700 0# - ADDED ENTRY--PERSONAL NAME
Personal name Anies Y.,
Relator term editor
830 #0 - SERIES ADDED ENTRY--UNIFORM TITLE
Uniform title Novel teladan Ana Muslim
942 ## - ADDED ENTRY ELEMENTS (KOHA)
-- dc
Koha item type Book
Holdings
Withdrawn Not for loan Current library Shelving location Date acquired Total Checkouts Total Renewals Full call number Barcode Date last seen Date last checked out Koha item type
    Perpustakaan Alor Setar Pinjaman Kanak-kanak 26/01/2014 12 2 K 899.233 NUR A01429192 28/12/2023 25/11/2023 Book
    Perpustakaan Alor Setar Pinjaman Kanak-kanak 26/01/2014 4   K 899.233 NUR A01429193 30/11/2023 17/09/2019 Book
    Perpustakaan Awam Sungai Petani Pinjaman Kanak-kanak 26/01/2014     K 899.233 NUR A01429194 09/05/2018   Book
    Perpustakaan Baling Pinjaman Kanak-kanak 26/01/2014 15 2 K 899.233 NUR A01429200 14/10/2025 11/10/2025 Book
    Perpustakaan Bandar Baharu Pinjaman Kanak-kanak 26/01/2014     K 899.233 NUR A01429201 09/05/2018   Book
    Perpustakaan Jitra Pinjaman Kanak-kanak 26/01/2014 4   K 899.233 NUR A01429195 29/05/2024 27/05/2024 Book
    Perpustakaan Kuala Nerang Pinjaman Kanak-kanak 26/01/2014 2 1 K 899.233 NUR A01429202 13/02/2020 29/01/2020 Book
    Perpustakaan Kulim Pinjaman Kanak-kanak 26/01/2014 1   K 899.233 NUR A01429197 24/07/2019 24/07/2019 Book
    Perpustakaan Langkawi Pinjaman Kanak-kanak 26/01/2014 2   K 899.233 NUR A01429196 26/10/2020 19/10/2020 Book
    Perpustakaan Merbok Pinjaman Kanak-kanak 26/01/2014 1   K 899.233 NUR A01429204 29/06/2024 08/06/2024 Book
    Perpustakaan Pendang Pinjaman Kanak-kanak 26/01/2014     K 899.233 NUR A01429205 09/05/2018   Book
    Perpustakaan Sik Pinjaman Kanak-kanak 26/01/2014     K 899.233 NUR A01429199 09/05/2018   Book
    Perpustakaan Sik Pinjaman Kanak-kanak 26/01/2014     K 899.233 NUR A01429203 28/08/2023   Book
    Perpustakaan Yan Pinjaman Kanak-kanak 26/01/2014     K 899.233 NUR A01429198 09/05/2018   Book